| 000 | 00000nam##2200000za#4500 |
| 001 | 9.645057 |
| 003 | CaOODSP |
| 005 | 20200401074411 |
| 007 | ta |
| 008 | 150407|1992||||xxc||||| f|0| 0 eng|d |
| 020 | |a0-662-19395-4 |
| 040 | |aCaOODSP|beng |
| 043 | |an-cn--- |
| 086 | 1 |aH39-241/1992E |
| 110 | 1 |aCanada.|bHealth and Welfare Canada. |bHealth Services and Promotion Branch. |
| 245 | 10|aHow effective are alcohol and other drug prevention and treatment programs? : |bA review of evaluation studies / |cPrepared by Marc Eliany and Brian Rush. Issued by Health Promotion Studies Unit. |
| 260 | |aOttawa - Ontario : |bHealth and Welfare Canada. |c1992. |
| 300 | |a106p. : |c28 cm. |
| 504 | |aBibliography. |
| 563 | |aSoftcover |
| 590 | |a92-31|b1992-07-31 |
| 720 | 1 |aEliany, Marc |
| 720 | 1 |aRush, Brian |
| 775 | 08|tL'efficacité des programmes de prévention et de réhabilitation de l'alcoolisme et d'autres toxicomanies : |w(CaOODSP)9.678840 |
| 776 | 0#|tHow effective are alcohol and other drug prevention and treatment programs? : |w(CaOODSP)9.696358 |
| 986 | |aA Canada's drug strategy baseline report. |